| 000 | 00841nas a2200301 4500 | ||
|---|---|---|---|
| 001 | BR2015004997 | ||
| 003 | BR-BrBNA | ||
| 005 | 20231205125711.0 | ||
| 007 | ta | ||
| 008 | 230509b bl.|||p| |||| 00| 00por d | ||
| 040 |
_aBR-BrBNA _bpor _cBiblioteca Nacional de Agricultura |
||
| 041 | _a(Pt) | ||
| 072 | _aF01; Q04 | ||
| 100 | 1 | _aCuri, P.N. | |
| 100 | 1 | _aPio, R. | |
| 100 | 1 | _aMoura, P.H.A. | |
| 100 | 1 | _aTadeu, M.H. | |
| 100 | 1 | _aNogueira, P.V. | |
| 100 | 1 | _aPasqual, M. | |
| 245 | 1 | _aProdução de amora-preta e amora-vermelha em Lavras-MG | |
| 650 | _aAMORA PRETA | ||
| 650 | _aFRAMBOESA | ||
| 650 | _aFENOLOGIA | ||
| 650 | _aPRODUTIVIDADE | ||
| 773 | 0 |
_tCiência Rural (Brazil) _xISSN 0103-8478 _g(Aug 2015), v. 45(8) p. 1368-1374 _wBR2015004997 |
|
| 909 |
_a202311 _bLúcia _c55 _dLúcia Elande |
||
| 942 |
_2AGRIS _n0 _cANA |
||
| 999 |
_c245647 _d245647 |
||